000 00516nmm a2200181Ia 4500
008 251105s9999||||xx |||||||||||||||||und||
041 _aspa
100 _aMatthews, Gareth B.
245 0 _aEl niño y la filosofía
264 _a[México D.C., Mexico] :
_bFondo de Cultura Económica,
_c2016
300 _a139 páginas
490 _aBreviarios
650 _aEducation
700 _aMatthews, Gareth B.
700 1 _a Valdés, Carlos
856 _uhttps://public.digitaliapublishing.com/a/64354
942 _cCF
999 _c68632
_d68632